| 000 | 00645cam a2200253 4500 | ||
|---|---|---|---|
| 001 | B1141 | ||
| 008 | 090401t1985 xxu||||| |||| 00| 0 eng d | ||
| 035 | _a(Sirsi) u42779 | ||
| 041 | _aeng | ||
| 050 | _a333.33 | ||
| 110 |
_aKnight Frank and Rutley _91990 |
||
| 245 | _aAnnual review 1985/86 | ||
| 260 |
_aLondon _bKnight Frank and Rutley _c1985 |
||
| 300 | _a72p. : ill. ; 30cm. | ||
| 350 | _a0 | ||
| 650 | _aPROPERTY-COMMERCIAL PROPERTY | ||
| 650 | _aFARM LAND | ||
| 650 | _aHOTELS | ||
| 650 | _aINTERNATIONAL PROPERTY | ||
| 650 | _aPROPERTY MARKET | ||
| 650 |
_aRESIDENTIAL PROPERTY _96266 |
||
| 942 | _n0 | ||
| 948 | _c04/03/1997 | ||
| 999 |
_c91178 _d91178 |
||